| 000 | 00556nam a2200205 u 4500 | ||
|---|---|---|---|
| 005 | 20240228064150.0 | ||
| 008 | 140930s2006 r 000 0 eng d | ||
| 020 | _a9685950213 | ||
| 035 | _aUPN01000199880 | ||
| 049 | _aI | ||
| 050 | 4 |
_aPZ71 _bC4.5 |
|
| 100 | 1 |
_aCesán, Lía _933088 |
|
| 245 | 1 | 0 |
_aMontaña y ola / _cLía Cesán ; il. Adriana Canales. |
| 260 |
_aMéxico : _bSerpentina, _c2006. |
||
| 300 |
_a31 p. : _bil. col. |
||
| 440 | 0 | _aPalabrario | |
| 650 | 4 |
_aLibros y lectura para niños _92290 |
|
| 905 | _aInfantil | ||
| 999 |
_c171981 _d171981 |
||